Statistics for London Boroughs Multiple Choice

Click here to take the quiz!

General Stats

  • This quiz has been taken 26 times
  • The average score is 8 of 15

Answer Stats

QuestionAnswer% Correct
When East & West Ham were merged, what became the name of the new borough?Newham
90%
How many boroughs are there?32
80%
Arsenal football club is in which borough?Islington
80%
Which of these boroughs was the most visited in 2022?Westminster
80%
Which borough contains the old authority of Wembley?Brent
70%
Which of these boroughs borders Greenwich?Lewisham
70%
Which of these boroughs is not on the Thames?Sutton
65%
Which is the only borough which is split by the Thames?Richmond upon Thames
55%
Which borough contains the old authority of Tottenham?Haringey
50%
Which borough contains the old authority of Wimbledon?Merton
45%
Which borough contains the old authority of Paddington?Westminster
40%
Which borough has the lowest average house price?Barking & Dagenham
35%
Which of these boroughs is the largest by area?Havering
30%
Which of these boroughs is the smallest by area?Islington
30%
Which of these boroughs has the most tube stations?Brent
10%

Score Distribution

Percentile by Number Answered

Percent of People with Each Score

Your Score History

You have not taken this quiz